Albumy Queen - Statystyki

Ogólne statystyki
  • Ten quiz został rozwiązany 61 razy
  • Średni wynik to 11 z 15
Statystyki odpowiedzi
Rok wydania Album % Poprawnych
1973 Queen I
94%
1975 A Night at the Opera
88%
1974 Queen II
84%
1991 Innuendo
76%
1995 Made in Heaven
76%
1980 The Game
76%
1978 Jazz
69%
1989 The Miracle
69%
1982 Hot Space
67%
1974 Sheer Heart Attack
67%
1977 News of the World
65%
1984 The Works
65%
1976 A day at the Races
63%
1986 A Kind of Magic
63%
1980 Flash Gordon
53%
Nie znaleziono quizów pasujących do podanych kryteriów
Rozkład punktacji
Procent ludzi z każdym wynikiem
Percentyl według liczby udzielonych odpowiedzi
Twoja historia wyników
Nie rozwiązałeś tego quizu